000 00335nam a2200145Ia 4500
005 20251222153523.0
008 251222s9999||||xx |||||||||||||| ||spa||
020 _a9701035798
082 _a611.9/O21
100 _aO'Rahilly, Ronan
245 0 _aAnatomía de Gardner
250 _a5ta. ed.
264 _bMcGraw - Hill
942 _cLIB
999 _c29808
_d29808